Landen van Zuid-Amerika - Klikquiz - Statistieken

Algemene statistieken
  • Deze quiz is 150 keer genomen
  • De gemiddelde score is 9 van 12
Antwoorden op de kaart
Antwoorden kleurgecodeerd door een groen-rode schaal op de quizkaart volgens % correct hieronder.
 
Antwoordstatistieken
Antwoord % Correct
Argentinië
97%
Brazilië
93%
Chili
88%
Colombia
81%
Peru
81%
Guyana
78%
Suriname
75%
Uruguay
75%
Ecuador
74%
Venezuela
68%
Paraguay
67%
Bolivia
63%
Geen overeenkomende quizzen gevonden
Scoreverdeling
Procent van Mensen met Elke Score
Percentiel versus Aantal Correcte Antwoorden
Uw Scoregeschiedenis
U heeft deze quiz nog niet genomen